00852nam a2200193Ia 450000500170000000800410001702000180005805000250007610000250010124500750012626000560020130000190025750000200027650502240029665000340052070000300055470000300058470000440061420231102151439.0121028t1987 mx g 000 0 spa d a968-25-1172-0 aHD58.7 b S344 198710aSCHERMERHORN, John R10aComportamiento en las organizacionesc / John R. Schermerhorn, et. alt aMéxico b: Nueva editorial interamericana c,1987 a678 páginas  aIncluye indices a Introduccion Administracion de los individuos en las organizaciones Administracion de grupos en las organizaciones Administracion de las organizaciones Administracion de los procesos del comportamiento organizacion10aFUNCIONAMIENTO ORGANIZACIONAL aHUNT, James G, dcoautor aOSBORN, Richard,dcoautor aSÁNCHEZ Monsiváis, Rubéndcoautor